Introduction to Sociolingustic (Record no. 1884)

MARC details
000 -LEADER
fixed length control field 00351nam a22001337a 4500
008 - FIXED-LENGTH DATA ELEMENTS--GENERAL INFORMATION
fixed length control field 250107b |||||||| |||| 00| 0 eng d
020 ## - INTERNATIONAL STANDARD BOOK NUMBER
ISBN 978-93-5269-182-1
100 ## - MAIN ENTRY--AUTHOR
Author Choudhar Rajni
245 ## - TITLE STATEMENT
Title Introduction to Sociolingustic
260 ## - PUBLICATION, DISTRIBUTION, ETC. (IMPRINT)
Place of publication New Delhi [India]
Name of publisher Random Publications
Date of publication 2019
300 ## - COLLATION
Pagination 296p
942 ## - ADDED ENTRY ELEMENTS (KOHA)
Item type Books
050 ## - LIBRARY OF CONGRESS CALL NUMBER
Classification number PC3814
Item number .C46
Holdings
Source of classification or shelving scheme Not for loan Permanent location Current location Date acquired Accession No. Full call number Barcode. Koha item type
Library of Congress Classification   Samuel Ogbemudia Main Library, University of Abuja Samuel Ogbemudia Main Library, University of Abuja 01/07/2025 2020/56508 PC3814.C46 2025-0017 Books
Library of Congress Classification   Samuel Ogbemudia Main Library, University of Abuja Samuel Ogbemudia Main Library, University of Abuja 01/07/2025 2020/56508 PC3814.C46 2025-0018 Books